[Event "Mondiale Lampo FIDE 2017"]
[Site "Riyadh"]
[Date "30.12.2017"]
[Round "13.35"]
[White "Jumabayev, Rinat"]
[Black "Saric, Ivan"]
[Result "1-0"]
[WhiteTitle "GM"]
[BlackTitle "GM"]
[WhiteElo "2612"]
[BlackElo "2669"]
[WhiteFideId "13702661"]
[BlackFideId "14508150"]
[EventDate "2017.12.29"]

1. e4 c6 2. d4 d5 3. exd5 cxd5 4. Bd3 Nf6 5. c3 Nc6 6. Bf4 Bg4 7. Qb3 Qd7 8. Nd2
e6 9. Ngf3 Bxf3 10. Nxf3 Bd6 11. Bxd6 Qxd6 12. O-O O-O 13. Rfe1 Nd7 14. a4 Rab8
15. a5 h6 16. Qa3 Qxa3 17. Rxa3 Rfc8 18. g3 Kf8 19. Rea1 Ke7 20. Rb3 b6 21. axb6
axb6 22. Ra6 Ra8 23. Rba3 Rxa6 24. Rxa6 Kd6 25. Bb5 f6 26. Kf1 g5 27. Ke2 e5 28.
dxe5+ fxe5 29. Bxc6 Kxc6 30. Ra7 Rf8 31. h4 g4 32. Nd2 b5 33. Nf1 h5 34. Ne3 Rb8
35. Nxd5 Kxd5 36. Rxd7+ Kc4 37. Re7 Kb3 38. Rxe5 Kxb2 39. Rc5 Kc2 40. f3 gxf3+
41. Kxf3 Kd3 42. g4 hxg4+ 43. Kxg4 Ke4 44. h5 Rg8+ 45. Rg5 Rc8 46. Rxb5 Rxc3 47.
h6 Rc1 48. h7 Rg1+ 49. Kh5 Rh1+ 50. Kg6 Kf4 51. Rh5 Rg1+ 52. Kf7 1-0

[Event "Mondiale Lampo FIDE 2017"]
[Site "Riyadh"]
[Date "30.12.2017"]
[Round "13.36"]
[White "Howell, David W L"]
[Black "Bocharov, Dmitry"]
[Result "0-1"]
[WhiteTitle "GM"]
[BlackTitle "GM"]
[WhiteElo "2676"]
[BlackElo "2583"]
[WhiteFideId "410608"]
[BlackFideId "4138716"]
[EventDate "2017.12.29"]

1. c4 d6 2. Nc3 e5 3. d4 exd4 4. Qxd4 Nf6 5. b3 g6 6. Bb2 Bg7 7. g3 O-O 8. Bg2
Nbd7 9. Nh3 Nc5 10. Qd2 a5 11. Rd1 a4 12. b4 a3 13. Ba1 Bxh3 14. Bxh3 Nfe4 15.
Qc2 Nxc3 16. Bxc3 Bxc3+ 17. Qxc3 Na4 18. Qc2 Qf6 19. O-O Qb2 20. Qxb2 Nxb2 21.
Rc1 Ra4 22. c5 d5 23. c6 Rxb4 24. Bg2 Rd8 25. cxb7 Rxb7 26. Rc5 Na4 27. Ra5 Nc3
28. e3 Rb2 29. Rxa3 Nxa2 30. Rd1 c6 31. Bf1 Rdb8 32. h4 Kg7 33. Ra7 R8b7 34. Ra8
Nc3 35. Rc1 Ne4 36. Bg2 Nxf2 37. Rxc6 Ng4 38. Bxd5 Rb1+ 39. Kg2 Nxe3+ 40. Kf3
Nxd5 41. Rd6 Nf6 42. Rd3 R7b3 43. Rd8 Rxd3+ 44. Rxd3 Rb7 45. g4 h5 46. g5 Ng4
47. Ra3 Rb4 48. Ra5 Rb3+ 49. Kf4 Rh3 0-1

[Event "Mondiale Lampo FIDE 2017"]
[Site "Riyadh"]
[Date "30.12.2017"]
[Round "13.37"]
[White "Sargissian, Gabriel"]
[Black "Onischuk, Vladimir"]
[Result "1/2-1/2"]
[WhiteTitle "GM"]
[BlackTitle "GM"]
[WhiteElo "2672"]
[BlackElo "2637"]
[WhiteFideId "13300881"]
[BlackFideId "14114038"]
[EventDate "2017.12.29"]

1. d4 d6 2. Nf3 g6 3. g3 Bg7 4. Bg2 Nf6 5. O-O O-O 6. b3 e5 7. dxe5 dxe5 8. Ba3
Re8 9. Qxd8 Rxd8 10. Nc3 Nc6 11. Rad1 Bf5 12. Nh4 Bd7 13. e3 a6 14. Nd5 Nxd5 15.
Bxd5 Be8 16. Nf3 Rd7 17. Rd2 Rad8 18. Rfd1 Bf8 19. Bb2 Bg7 20. Ba3 h6 21. Kg2
Bf8 22. Bb2 Bb4 23. c3 Bf8 24. c4 Bg7 25. Be4 Rxd2 26. Rxd2 Rxd2 27. Nxd2 Nd8
28. Bf3 f5 29. e4 c6 30. h4 f4 31. Bg4 Kf7 32. Nf3 fxg3 33. fxg3 Ke7 34. Bxe5
Bxe5 35. Nxe5 c5 36. Kf3 b6 37. Ke3 Kf6 38. Nd3 Nc6 39. Nf4 Ne7 40. Nd5+ Nxd5+
41. exd5 Ke5 42. Be2 g5 43. hxg5 hxg5 44. Bd3 Bd7 45. a3 a5 46. Bc2 Bc8 47. Kd3
Bd7 48. Kc3 Bc8 49. b4 axb4+ 50. axb4 Bd7 51. bxc5 bxc5 52. Bh7 Be8 53. Kb3 Bd7
54. Kc3 Be8 55. Kd3 Bd7 56. Ke3 Bc8 57. Bd3 Bd7 58. Bc2 Be8 59. Kf3 Bh5+ 60. Ke3
Be8 61. Bb3 Bd7 62. Bc2 Bc8 63. Bd3 Bd7 1/2-1/2

[Event "Mondiale Lampo FIDE 2017"]
[Site "Riyadh"]
[Date "30.12.2017"]
[Round "13.38"]
[White "Short, Nigel D"]
[Black "Adhiban, Baskaran"]
[Result "1/2-1/2"]
[WhiteTitle "GM"]
[BlackTitle "GM"]
[WhiteElo "2678"]
[BlackElo "2655"]
[WhiteFideId "400025"]
[BlackFideId "5018471"]
[EventDate "2017.12.29"]

1. e4 g6 2. d4 Bg7 3. Nf3 d6 4. Bc4 Nf6 5. Qe2 O-O 6. e5 dxe5 7. dxe5 Nd5 8. h3
Nb6 9. Bb3 c5 10. O-O Nc6 11. e6 Bxe6 12. Bxe6 fxe6 13. Qxe6+ Kh8 14. c3 Qd5 15.
Qxd5 Nxd5 16. Nbd2 Nf4 17. Ne4 Nd3 18. Rb1 b5 19. b3 c4 20. bxc4 bxc4 21. Be3
Rab8 22. Nfd2 Nce5 23. Bxa7 Ra8 24. Rb7 Nf4 25. Kh2 Nd5 26. a4 Nc6 27. Bc5 Rxa4
28. Rc1 Bh6 29. Rc2 Bf4+ 30. g3 Bh6 31. Rd7 Nf6 32. Nxf6 Rxf6 33. Kg2 Re6 34.
Nf3 Kg8 35. Rb2 Ra1 36. Rbb7 Rc1 37. Nd4 Nxd4 38. Bxd4 Bg5 39. Rb8+ Kf7 40. Rh8
h5 41. Rdd8 Rd6 42. Rc8 Bf6 43. Rh7+ Ke6 44. Bxf6 exf6 45. Rxc4 Rc2 46. Re4+ Kd5
47. Rd4+ Ke6 48. Rxd6+ Kxd6 49. Rh6 Rxc3 50. Rxg6 Ke6 51. Rh6 Rc5 52. Kf3 Kf7
53. Rh7+ Kg6 54. Re7 Rc3+ 55. Kf4 Rc4+ 56. Re4 Rc2 57. f3 Rh2 58. h4 Rh1 59. Re8
Ra1 60. Re4 Rf1 61. Ke3 Re1+ 62. Kf2 Ra1 63. g4 hxg4 64. Rxg4+ Kh5 65. Kg2 Rb1
66. Kg3 Rg1+ 67. Kh3 Rf1 68. Kg2 Rb1 69. Rf4 Rc1 70. Kg3 Rg1+ 71. Kf2 Rh1 72.
Rxf6 Rxh4 73. Ke3 Kg5 74. Rf8 Ra4 75. f4+ Kg6 76. Kf3 Rb4 77. Kg4 Rc4 78. Rb8
Kf6 79. Rb6+ Kf7 80. Kg5 Rc7 81. f5 Kg7 82. Rg6+ Kf7 83. Rh6 Kg7 84. f6+ Kg8 85.
Kg6 Rg7+ 86. Kf5 Ra7 87. Rh4 Ra1 88. Re4 Kf8 89. Re5 Ra2 90. Kg6 Rg2+ 91. Rg5
Rxg5+ 92. Kxg5 Kf7 93. Kf5 Kf8 94. Kg6 Kg8 95. f7+ Kf8 96. Kf6 1/2-1/2

[Event "Mondiale Lampo FIDE 2017"]
[Site "Riyadh"]
[Date "30.12.2017"]
[Round "13.39"]
[White "Tregubov, Pavel V."]
[Black "Inarkiev, Ernesto"]
[Result "0-1"]
[WhiteTitle "GM"]
[BlackTitle "GM"]
[WhiteElo "2575"]
[BlackElo "2689"]
[WhiteFideId "4115341"]
[BlackFideId "4162722"]
[EventDate "2017.12.29"]

1. d4 Nf6 2. c4 e6 3. Nc3 d5 4. Nf3 Be7 5. Bf4 O-O 6. e3 c5 7. dxc5 Bxc5 8. Be2
dxc4 9. Bxc4 b6 10. O-O Bb7 11. Nb5 a6 12. Nbd4 Qe7 13. Bg5 Nbd7 14. Qe2 h6 15.
Bh4 b5 16. Bb3 g5 17. Bg3 Ne4 18. Nd2 Nxg3 19. hxg3 Nf6 20. Rfd1 Rfd8 21. N2f3
Ne4 22. Rac1 Rac8 23. Bc2 Kg7 24. a3 Qf6 25. Bb1 g4 26. Nh4 h5 27. Nb3 Be7 28.
Rxd8 Rxc1+ 29. Nxc1 Bxd8 30. Nd3 Qe7 31. Nf4 Qc5 32. Qc2 Qxc2 33. Bxc2 Nf6 34.
f3 Bb6 35. Kf2 Kf8 36. Ke2 Ke7 37. e4 Bd4 38. b3 Be5 39. a4 Kd6 40. Kd3 Kc5 41.
axb5 axb5 42. Ne2 Kb4 43. Ke3 Nd7 44. f4 Bb2 45. f5 Nc5 46. fxe6 fxe6 47. Ng6
Nxb3 48. Ngf4 Nc5 49. Nxh5 Ka3 50. Nf6 b4 51. Nxg4 b3 52. Bd1 Bg7 53. e5 Be4 54.
Nc3 Bf5 55. Nf2 Bxe5 56. Nb5+ Kb4 57. Nd4 Bxd4+ 58. Kxd4 b2 0-1

[Event "Mondiale Lampo FIDE 2017"]
[Site "Riyadh"]
[Date "30.12.2017"]
[Round "13.40"]
[White "Riazantsev, Alexander"]
[Black "Grigoriants, Sergey"]
[Result "0-1"]
[WhiteTitle "GM"]
[BlackTitle "GM"]
[WhiteElo "2650"]
[BlackElo "2561"]
[WhiteFideId "4125029"]
[BlackFideId "4130804"]
[EventDate "2017.12.29"]

1. d4 Nf6 2. c4 e6 3. Nc3 Bb4 4. e3 O-O 5. Bd3 c5 6. Nf3 cxd4 7. exd4 d5 8. cxd5
Nxd5 9. O-O Nc6 10. Qc2 h6 11. Rd1 Bd6 12. Qe2 Bd7 13. Ne4 Be7 14. a3 Qb6 15.
Ng3 Bd6 16. Nh5 Rae8 17. Be3 f5 18. Bc4 Nxe3 19. fxe3 Na5 20. Ba2 Nb3 21. Rab1
Bc6 22. Nf4 Bxf4 23. exf4 Bxf3 24. Qxf3 Nxd4 25. Qf2 Ne2+ 26. Kf1 Qxf2+ 27. Kxf2
Nxf4 28. g3 Nh3+ 29. Ke2 Ng5 30. Rbc1 f4 31. Rc7 fxg3 32. hxg3 Rf7 33. Rdd7 Ref8
34. Rxb7 Rf2+ 35. Kd3 R8f3+ 36. Kc4 Rc2+ 37. Kd4 Rd2+ 38. Kc4 Rc2+ 39. Kd4 Rd2+
40. Kc4 Rxd7 41. Rxd7 Rxg3 42. Rxa7 h5 43. Rd7 h4 44. a4 h3 45. Rd1 h2 46. Rh1
Nf3 47. a5 Rg1 48. Rxh2 Nxh2 49. a6 Rd1 50. Kc5 Nf3 51. Bxe6+ Kf8 52. b4 Ne5 53.
b5 Ke7 54. Bh3 Rc1+ 55. Kb6 Nc4+ 56. Ka7 Rb1 57. Ka8 Rxb5 58. Bf1 Nb6+ 59. Kb7
Rb2 60. a7 g5 61. Bh3 Kd6 62. Bf5 Nd5+ 63. Kc8 Nc7 64. Be4 g4 65. Bb7 g3 66. Be4
g2 0-1

[Event "Mondiale Lampo FIDE 2017"]
[Site "Riyadh"]
[Date "30.12.2017"]
[Round "13.41"]
[White "Ponkratov, Pavel"]
[Black "Almasi, Zoltan"]
[Result "1-0"]
[WhiteTitle "GM"]
[BlackTitle "GM"]
[WhiteElo "2613"]
[BlackElo "2682"]
[WhiteFideId "4157800"]
[BlackFideId "702293"]
[EventDate "2017.12.29"]

1. b3 d5 2. Bb2 Nf6 3. Nf3 Bg4 4. g3 Bxf3 5. exf3 e6 6. f4 c6 7. Bh3 Nbd7 8. O-O
Be7 9. Re1 O-O 10. d4 Ne4 11. f5 exf5 12. Bxf5 Ndf6 13. f3 Nd6 14. Bd3 Re8 15.
Nc3 Bf8 16. Qd2 g6 17. Kg2 Bg7 18. Ne2 Nh5 19. g4 Nf6 20. Ng3 Nd7 21. Ba3 Nf8
22. c3 Rxe1 23. Rxe1 a5 24. h4 a4 25. Bb4 axb3 26. axb3 Ne8 27. h5 Nc7 28. h6
Bf6 29. f4 Nce6 30. Re2 Qc7 31. Kf3 b6 32. g5 Be7 33. Bxe7 Qxe7 34. Qe3 Nd7 35.
Kg4 Qd6 36. f5 Nef8 37. Qf4 Qxf4+ 38. Kxf4 c5 39. Re7 cxd4 40. cxd4 gxf5 41.
Bxf5 Rd8 42. Nh5 Kh8 43. Rxf7 Nb8 44. Nf6 Nc6 45. Nxh7 1-0

[Event "Mondiale Lampo FIDE 2017"]
[Site "Riyadh"]
[Date "30.12.2017"]
[Round "13.42"]
[White "Pantsulaia, Levan"]
[Black "Kuzubov, Yuriy"]
[Result "1-0"]
[WhiteTitle "GM"]
[BlackTitle "GM"]
[WhiteElo "2612"]
[BlackElo "2699"]
[WhiteFideId "13602071"]
[BlackFideId "14112906"]
[EventDate "2017.12.29"]

1. Nf3 d5 2. g3 Nc6 3. d4 Bf5 4. Bg2 Nb4 5. Na3 e6 6. c3 Nc6 7. O-O Nf6 8. Nh4
Be4 9. f3 Bg6 10. Nxg6 hxg6 11. e4 Bxa3 12. bxa3 Qd7 13. Rb1 Na5 14. c4 Nxc4 15.
Rxb7 O-O 16. e5 Qc6 17. Rb3 Nd7 18. h4 Qa6 19. f4 c5 20. h5 cxd4 21. hxg6 fxg6
22. Qg4 Ne3 23. Bxe3 dxe3 24. Qxg6 e2 25. Re1 Nc5 26. Re3 d4 27. R3xe2 d3 28.
Bxa8 Rxa8 29. Rd2 Qc4 30. Kh2 Rd8 31. f5 Rf8 32. f6 Rf7 33. Rb1 Nd7 34. Qxd3
Nxe5 35. Rb8+ Rf8 36. Rxf8+ Kxf8 37. fxg7+ Kxg7 38. Qxc4 Nxc4 39. Rd7+ Kf6 40.
Rxa7 e5 41. a4 e4 42. Kg2 Ke5 43. a5 1-0

[Event "Mondiale Lampo FIDE 2017"]
[Site "Riyadh"]
[Date "30.12.2017"]
[Round "13.43"]
[White "Ganguly, Surya Shekhar"]
[Black "Adly, Ahmed"]
[Result "0-1"]
[WhiteTitle "GM"]
[BlackTitle "GM"]
[WhiteElo "2650"]
[BlackElo "2637"]
[WhiteFideId "5002150"]
[BlackFideId "10601619"]
[EventDate "2017.12.29"]

1. Nf3 d5 2. g3 Nf6 3. Bg2 b5 4. O-O Bb7 5. d3 Nbd7 6. Nbd2 e5 7. Re1 h6 8. e4
dxe4 9. Nxe4 Nxe4 10. dxe4 Bc5 11. Qe2 a6 12. a4 Bc6 13. Rd1 Bd6 14. Nd4 exd4
15. e5 O-O 16. exd6 Bxg2 17. Kxg2 Re8 18. Qg4 Ne5 19. Qxd4 cxd6 20. Qxd6 Qc8 21.
axb5 Qxc2 22. Qd5 Rad8 23. Rd2 Qc8 24. Qe4 Nd3 25. Qc6 Ne1+ 26. Kg1 Qxc6 27.
bxc6 Nf3+ 0-1

[Event "Mondiale Lampo FIDE 2017"]
[Site "Riyadh"]
[Date "30.12.2017"]
[Round "13.44"]
[White "Salgado Lopez, Ivan"]
[Black "Eljanov, Pavel"]
[Result "1/2-1/2"]
[WhiteTitle "GM"]
[BlackTitle "GM"]
[WhiteElo "2644"]
[BlackElo "2711"]
[WhiteFideId "2257327"]
[BlackFideId "14102951"]
[EventDate "2017.12.29"]

1. e4 e5 2. Nf3 Nc6 3. d4 exd4 4. Nxd4 Nf6 5. Nxc6 bxc6 6. e5 Qe7 7. Qe2 Nd5 8.
g3 g6 9. c4 Ba6 10. b3 Bg7 11. Bb2 O-O 12. Bg2 Rfe8 13. O-O Bxe5 14. Qxe5 Qxe5
15. Bxe5 Rxe5 16. cxd5 Bxf1 17. Kxf1 cxd5 18. Na3 c6 19. Rd1 Kf8 20. Bf3 a5 21.
Nc2 Ke7 22. Rd4 h5 23. h4 Kd6 24. Ra4 Ree8 25. Ne1 Ke7 26. Ke2 Kd6+ 27. Kd2 Ke7
28. Nd3 Kd6 29. Bg2 Rf8 30. Rf4 Ke7 31. Bh3 Kd6 32. Ra4 Rfe8 33. Bg2 Rf8 34. Rf4
Ke7 35. Kc3 Kd6 36. Ra4 Rfe8 37. Bf3 Re7 38. Rf4 Rf8 39. Kd2 Ree8 40. Bg2 Ra8
41. Bh3 Rae8 42. Ra4 Ra8 43. Rf4 Rae8 44. Bg2 Ra8 45. Rf6+ Ke7 46. Rf4 Kd6 47.
Bh3 Rae8 48. Bg2 1/2-1/2

[Event "Mondiale Lampo FIDE 2017"]
[Site "Riyadh"]
[Date "30.12.2017"]
[Round "13.45"]
[White "Kovalev, Vladislav"]
[Black "Demchenko, Anton"]
[Result "1-0"]
[WhiteTitle "GM"]
[BlackTitle "GM"]
[WhiteElo "2639"]
[BlackElo "2660"]
[WhiteFideId "13504398"]
[BlackFideId "4160258"]
[EventDate "2017.12.29"]

1. e4 c5 2. Be2 d6 3. d3 g6 4. f4 Bg7 5. Nf3 Nc6 6. O-O e6 7. c3 Nge7 8. Be3 b6
9. Nbd2 Bb7 10. a3 d5 11. Bf2 Qc7 12. e5 f6 13. d4 cxd4 14. cxd4 O-O 15. Rc1
Rac8 16. Bd3 Qd7 17. exf6 Bxf6 18. Ne5 Nxe5 19. fxe5 Bg5 20. Rxc8 Qxc8 21. Nf3
Bh6 22. Qe2 Nf5 23. g4 Ne7 24. Be3 Bg7 25. Rc1 Qd7 26. h4 Rc8 27. Rf1 Rf8 28.
Kg2 Bc6 29. Rh1 a6 30. h5 Rc8 31. hxg6 hxg6 32. Bxa6 Rf8 33. Bd3 b5 34. Kg3 Kf7
35. Rh7 Rg8 36. Bh6 Kf8 37. Rxg7 Rxg7 38. Ng5 Ng8 39. Qf2+ Ke8 40. Bxg7 Qxg7 41.
Nxe6 Qe7 42. Nc5 Kd8 43. Qd2 Kc8 44. Qa5 Qg5 45. Qa6+ Kc7 46. Qa7+ Kc8 47. Qa6+
Kc7 48. Ne6+ 1-0

[Event "Mondiale Lampo FIDE 2017"]
[Site "Riyadh"]
[Date "30.12.2017"]
[Round "13.46"]
[White "Nguyen, Ngoc Truong Son"]
[Black "Rakhmanov, Aleksandr"]
[Result "1-0"]
[WhiteTitle "GM"]
[BlackTitle "GM"]
[WhiteElo "2630"]
[BlackElo "2653"]
[WhiteFideId "12401110"]
[BlackFideId "4173708"]
[EventDate "2017.12.29"]

1. d4 Nf6 2. Nf3 g6 3. Bg5 Bg7 4. Nbd2 O-O 5. c3 d6 6. e4 Nc6 7. Bd3 Qe8 8. h3
e5 9. O-O h6 10. Be3 Nh5 11. Re1 a6 12. Bf1 Kh7 13. Rb1 Nf4 14. Bxf4 exf4 15.
Qc2 Kh8 16. a4 g5 17. b4 Ne7 18. e5 d5 19. Bd3 Be6 20. a5 Qd7 21. Nb3 b6 22. Ra1
b5 23. Nc5 Qc8 24. Nh2 Rg8 25. Qe2 Re8 26. Qh5 Kg8 27. Ng4 Bxg4 28. hxg4 Nc6 29.
Bf5 Re6 30. Bxe6 fxe6 31. Qg6 Nd8 32. f3 c6 33. Kf2 Qc7 34. Nxe6 Qf7 35. Qxf7+
Kxf7 36. Nxg7 Kxg7 37. e6 Nb7 38. e7 Kf7 39. e8=Q+ Rxe8 40. Rxe8 Kxe8 41. Rh1
Nd8 42. Rxh6 Ke7 43. g3 fxg3+ 44. Kxg3 Ne6 45. Rh7+ Kd6 46. Ra7 Nf4 47. Kf2 1-0

[Event "Mondiale Lampo FIDE 2017"]
[Site "Riyadh"]
[Date "30.12.2017"]
[Round "13.47"]
[White "Sanal, Vahap"]
[Black "Naiditsch, Arkadij"]
[Result "1-0"]
[WhiteTitle "GM"]
[BlackTitle "GM"]
[WhiteElo "2551"]
[BlackElo "2705"]
[WhiteFideId "6300545"]
[BlackFideId "4650891"]
[EventDate "2017.12.29"]

1. Nf3 Nf6 2. g3 g6 3. b3 d5 4. Bb2 c5 5. Bg2 Bg7 6. O-O O-O 7. e3 Nc6 8. d3 Bg4
9. h3 Bxf3 10. Bxf3 e5 11. Nd2 Qd7 12. Bg2 Rad8 13. e4 d4 14. f4 Nh5 15. Qe1 Nb4
16. Rc1 Nxa2 17. Ra1 Nb4 18. Rc1 f5 19. exf5 exf4 20. g4 Rde8 21. Ne4 gxf5 22.
Nxc5 Qc8 23. Qxb4 Ng3 24. Bxb7 Qd8 25. Qc4+ Kh8 26. Ne6 Qh4 27. Rf2 Rf6 28. Nxg7
Ne2+ 29. Kf1 Qxh3+ 30. Bg2 Qh2 31. Rxe2 Rxe2 32. Qc8+ Kxg7 33. Qb7+ Kh6 34. Kxe2
Re6+ 35. Kd2 Qg3 36. Rh1+ Kg6 37. Qxh7+ Kf6 38. Bxd4+ Re5 39. Rh6+ 1-0

[Event "Mondiale Lampo FIDE 2017"]
[Site "Riyadh"]
[Date "30.12.2017"]
[Round "13.48"]
[White "Anton Guijarro, David"]
[Black "Potkin, Vladimir"]
[Result "1/2-1/2"]
[WhiteTitle "GM"]
[BlackTitle "GM"]
[WhiteElo "2666"]
[BlackElo "2574"]
[WhiteFideId "2285525"]
[BlackFideId "4131061"]
[EventDate "2017.12.29"]

1. Nf3 c5 2. b3 Nc6 3. Bb2 Nf6 4. e3 e6 5. Bb5 Be7 6. O-O O-O 7. d4 a6 8. Bxc6
bxc6 9. Re1 Bb7 10. dxc5 Bxc5 11. c4 Be7 12. Nc3 c5 13. e4 d6 14. Qc2 Qc7 15.
Rad1 Rad8 16. h3 h6 17. Rd2 Rfe8 18. Red1 Bc6 19. Qd3 Qb7 20. Re1 Nd7 21. Qe2
Nf8 22. Red1 Ng6 23. Qe3 Qc7 24. Ne2 a5 25. a4 Rb8 26. Nc3 Bf6 27. Nb5 Bxb5 28.
axb5 Bxb2 29. Rxb2 d5 30. cxd5 exd5 31. Rxd5 Rxb5 32. Rc2 Qb6 33. Rc3 Rb4 34.
Qxc5 Rxb3 35. Qxb6 Rxb6 36. Rxa5 Rxe4 37. Ra8+ Kh7 38. Rcc8 Ne5 39. Nxe5 1/2-1/2

[Event "Mondiale Lampo FIDE 2017"]
[Site "Riyadh"]
[Date "30.12.2017"]
[Round "13.49"]
[White "Volokitin, Andrei"]
[Black "Sethuraman, S.P."]
[Result "1-0"]
[WhiteTitle "GM"]
[BlackTitle "GM"]
[WhiteElo "2628"]
[BlackElo "2646"]
[WhiteFideId "14107090"]
[BlackFideId "5021596"]
[EventDate "2017.12.29"]

1. e4 c5 2. Nf3 e6 3. d4 cxd4 4. Nxd4 Nc6 5. Nc3 Qc7 6. g4 a6 7. h4 Nxd4 8. Qxd4
b5 9. Be3 Bb7 10. a3 Bd6 11. Qd2 Nf6 12. f3 Bg3+ 13. Bf2 d5 14. g5 Bf4 15. Be3
Bg3+ 16. Bf2 Nh5 17. exd5 Rd8 18. O-O-O Bxd5 19. Nxd5 Rxd5 20. Bd3 O-O 21. Bxg3
Qxg3 22. Qe3 Rfd8 23. Kb1 Qf4 24. Qe2 Ng3 25. Qh2 Qxf3 26. Rhg1 Nh5 27. Rdf1 Qe3
28. Qc7 R5d7 29. Qc6 Nf4 30. Re1 Qd4 31. Be4 Qd6 32. Qc3 Qc7 33. Qf3 Rd2 34.
Rgf1 e5 35. Rc1 a5 36. h5 b4 37. a4 Ne2 38. g6 Nxc1 39. gxf7+ Kf8 40. h6 Qd6 41.
hxg7+ Kxg7 42. Rg1+ Kh8 43. Qg4 Qf8 44. Qg5 R2d6 45. Qxe5+ 1-0

[Event "Mondiale Lampo FIDE 2017"]
[Site "Riyadh"]
[Date "30.12.2017"]
[Round "13.50"]
[White "Malakhatko, Vadim"]
[Black "Kokarev, Dmitry"]
[Result "0-1"]
[WhiteTitle "GM"]
[BlackTitle "GM"]
[WhiteElo "2542"]
[BlackElo "2615"]
[WhiteFideId "14104202"]
[BlackFideId "4132181"]
[EventDate "2017.12.29"]

1. c4 g6 2. g3 Bg7 3. Bg2 c5 4. Nc3 Nc6 5. a3 d6 6. Rb1 a5 7. d3 e6 8. Nf3 Nge7
9. Bg5 h6 10. Bd2 O-O 11. Qc1 Kh7 12. O-O b6 13. Na4 Qc7 14. Bc3 e5 15. Bd2 Be6
16. Nc3 Qd7 17. b3 Rab8 18. e4 g5 19. Nd5 f5 20. b4 axb4 21. axb4 f4 22. b5 Nd8
23. Ra1 g4 24. Ne1 f3 25. Bh1 Nxd5 26. cxd5 Bf7 27. Qb2 Be8 28. Rb1 Nf7 29. Nc2
h5 30. h4 Bf6 31. Ne3 Nh8 32. Nf5 Bg6 33. Ne3 Qe7 34. Ra1 Nf7 35. Ra6 Rg8 36.
Rfa1 Rb7 37. Ra8 Rg7 38. Rc8 Bxh4 39. gxh4 Qxh4 40. Nf1 Qh3 41. Raa8 h4 42. Be3
Bh5 43. Qd2 g3 44. fxg3 hxg3 0-1

[Event "Mondiale Lampo FIDE 2017"]
[Site "Riyadh"]
[Date "30.12.2017"]
[Round "13.51"]
[White "Dervishi, Erald"]
[Black "Abdyjapar, Asyl"]
[Result "1-0"]
[WhiteTitle "GM"]
[BlackTitle "IM"]
[WhiteElo "2552"]
[BlackElo "2382"]
[WhiteFideId "4700236"]
[BlackFideId "13800337"]
[EventDate "2017.12.29"]

1. e4 c5 2. Nf3 d6 3. d4 cxd4 4. Nxd4 Nf6 5. Nc3 Nc6 6. Bc4 e6 7. Be3 Be7 8. Qe2
O-O 9. O-O-O Nxd4 10. Bxd4 Qc7 11. Kb1 a6 12. Bd3 e5 13. Be3 Be6 14. h3 b5 15.
g4 b4 16. Na4 Qc6 17. b3 d5 18. exd5 Bxd5 19. Rhg1 Bf3 20. Qe1 Bxd1 21. Qxd1
Rfd8 22. Qe1 Nd5 23. Bc1 Rac8 24. Bb2 Nc3+ 25. Nxc3 bxc3 26. Bc1 Rxd3 27. cxd3
c2+ 28. Ka1 Qd5 29. Qe4 Qxe4 30. dxe4 Bc5 31. a4 Bxf2 32. Rf1 Bd4+ 33. Ka2 h6
34. Bd2 Kf8 35. b4 Ke8 36. Kb3 f6 37. Rc1 Kd7 38. Rxc2 Rb8 39. Rc4 Bb6 40. h4
Bd4 41. h5 Bb6 42. Bc3 Kd6 43. b5 axb5 44. axb5 Kd7 45. Kb4 Ra8 46. Rc6 Ba5+ 47.
Kc4 Bxc3 48. Kxc3 Ra4 49. Rc4 Ra3+ 50. Kb4 Rg3 51. Kc5 Rxg4 52. Kb6 g6 53. Rc7+
Kd6 54. Rc6+ Ke7 55. hxg6 Rxg6 56. Kc7 Rg4 57. b6 Rxe4 58. b7 Rb4 59. Rb6 Rc4+
60. Kb8 e4 61. Ka7 Rc7 62. Ka6 Rxb7 63. Rxb7+ Kd6 64. Kb5 Kd5 65. Rd7+ Ke5 66.
Kc4 h5 67. Re7+ Kf4 68. Kc3 h4 69. Kd2 h3 70. Ke2 f5 71. Kf2 h2 72. Rh7 1-0

[Event "Mondiale Lampo FIDE 2017"]
[Site "Riyadh"]
[Date "30.12.2017"]
[Round "13.52"]
[White "Ibrahimov, Rasul"]
[Black "Minko, Vladimir"]
[Result "1-0"]
[WhiteTitle "GM"]
[BlackTitle "IM"]
[WhiteElo "2518"]
[BlackElo "2381"]
[WhiteFideId "13400495"]
[BlackFideId "24146706"]
[EventDate "2017.12.29"]

1. Nf3 c5 2. c4 Nc6 3. Nc3 e5 4. g3 g6 5. Bg2 Bg7 6. O-O Nge7 7. d3 O-O 8. a3 a5
9. Rb1 d5 10. cxd5 Nxd5 11. Nxe5 Nxc3 12. Nxc6 Nxe2+ 13. Qxe2 bxc6 14. Bxc6 Rb8
15. b3 Ba6 16. Rd1 Qd6 17. Qf3 Rbd8 18. Bf4 Qf6 19. Bd5 Rd7 20. Be3 Qe5 21. Bc4
Bb7 22. Qf4 Qh5 23. g4 Qh4 24. Qg3 Qe7 25. Re1 Rc8 26. f3 Qf6 27. Kg2 Qc6 28.
Bf2 Rcd8 29. a4 Rd6 30. Rbc1 Bh6 31. Bb5 Qc8 32. Rxc5 Qa8 33. g5 Bf8 34. Rce5 h5
35. Re8 h4 36. Qxd6 Bxf3+ 37. Kg1 Rxd6 38. Rxa8 Bxa8 39. Re8 Rd5 40. Rxa8 Rxg5+
41. Kf1 Rf5 42. Ke2 Kg7 43. Bxh4 Bc5 44. Bg3 Bd4 45. Rd8 Bc3 46. d4 g5 47. Be5+ 1-0

[Event "Mondiale Lampo FIDE 2017"]
[Site "Riyadh"]
[Date "30.12.2017"]
[Round "13.53"]
[White "Fedorchuk, Sergey A."]
[Black "Khairat, Ahmed"]
[Result "1-0"]
[WhiteTitle "GM"]
[BlackTitle "CM"]
[WhiteElo "2648"]
[BlackElo "2211"]
[WhiteFideId "14102536"]
[BlackFideId "10624171"]
[EventDate "2017.12.29"]

1. e4 e5 2. Nf3 Nc6 3. Bb5 f5 4. d3 fxe4 5. dxe4 Nf6 6. O-O Bc5 7. Qd3 d6 8. Qc4
Qe7 9. Nc3 a6 10. Bxc6+ bxc6 11. Na4 Be6 12. Qd3 Ba7 13. c4 O-O 14. b3 Nh5 15.
c5 Nf4 16. Bxf4 Rxf4 17. Rac1 Bg4 18. Nd2 d5 19. f3 Be6 20. Rfe1 g5 21. Nf1 g4
22. fxg4 Rxg4 23. Ng3 dxe4 24. Rxe4 Rxe4 25. Qxe4 Bd5 26. Qe3 Re8 27. Rf1 e4 28.
a3 a5 29. b4 axb4 30. axb4 Qe5 31. Nf5 Kh8 32. Nc3 Rg8 33. g4 Bc4 34. Rf4 Bd5
35. h3 Rg6 36. Rf2 Rg8 37. Ne2 Bc4 38. Nf4 Bd5 39. Nh5 Rg6 40. Kg2 Kg8 41. Nhg3
Kh8 42. Rf1 Bc4 43. Rd1 Bd5 44. Rd2 Kg8 45. Kg1 h5 46. Rg2 hxg4 47. Nh6+ Kh7 48.
Nxg4 Qa1+ 49. Kh2 Qg7 50. Qf4 Kg8 51. Nf5 Qh7 52. Nfh6+ Kg7 53. Qe5+ Kf8 54.
Rf2+ 1-0

[Event "Mondiale Lampo FIDE 2017"]
[Site "Riyadh"]
[Date "30.12.2017"]
[Round "13.55"]
[White "McShane, Luke J"]
[Black "Amer, Said Salim Al Maashani"]
[Result "1-0"]
[WhiteTitle "GM"]
[BlackTitle "FM"]
[WhiteElo "2640"]
[BlackElo "2103"]
[WhiteFideId "404853"]
[BlackFideId "22000100"]
[EventDate "2017.12.29"]

1. d4 Nf6 2. Bg5 Ne4 3. h4 d5 4. Nd2 Nxd2 5. Qxd2 h6 6. Bf4 Bf5 7. e3 c6 8. f3
e6 9. g4 Bh7 10. O-O-O Bd6 11. Nh3 Qc7 12. Kb1 Nd7 13. Bxd6 Qxd6 14. Nf4 O-O-O
15. Bd3 Bxd3 16. Nxd3 Kb8 17. b3 Rc8 18. g5 c5 19. dxc5 Nxc5 20. Rdg1 h5 21. Rd1
Qg3 22. Rdf1 g6 23. Nf4 e5 24. Rh3 exf4 25. Rxg3 fxg3 26. Qxd5 Ne6 27. Qe5+ Ka8
28. Qxg3 Rc3 29. Qe5 Rhc8 30. Rf2 a6 31. Kb2 R3c5 32. Qd6 R8c6 33. Qd7 Rc7 34.
Qd1 Ka7 35. f4 Ng7 36. e4 Ne8 37. f5 Ng7 38. Qd4 b6 39. Qxg7 1-0